00808cam a22002177a 4500003000400000005001700004008004100021017004500062020001800107040001400125100003100139245013400170260005200304300002000356490002700376504005000403650002200453650003400475650003600509650004500545OSt20240509191125.0160617s2016 spc 001 0 spa|d aDL B 11424-2016bBiblioteca de Catalunya a9788447539864 bcatcCDMR1 aRius, Josep Carles,d1956-10aPeriodismo en reconstrucción b: de la crisis de la prensa al reto de un oficio más independiente y libre cJosep Carles Rius aBarcelona :bUniversitat de Barcelona,cDL 2016 a250 p. ;c24 cm1 aPeriodismo activo ;v9 aReferències bibliogràfiques. Bibliografia 7aPeriodisme2lemac 7aÈtica periodística2lemac 7aLlibertat d'informació2lemac 7aMitjans de comunicació de massa2lemac